Quizzes
Events
Quiz Creation
Community
Videos
Private Events
Remove Ads
Sign In
Join for FREE
Feedback
Dark Mode
Quiz Categories
Sports
Geography
Music
Movies
Television
Just For Fun
Miscellaneous
History
Literature
Language
Science
Gaming
Entertainment
Religion
Holiday
For Kids
Quiz Lab
Recent
Popular Today
Quiz Kudos Today
Editor Picks
Curator Picks
Quizzes by...
Day
Popularity
Type
Ratings
Length
Year
Community
Subscriptions
Recent Discussions
Orange Saloon
Badges
Playlists
Quests
Create
Leaderboards
Showdown
Live 5
Trivia Bingo
Activity
Puzzle Library
Sporcle Events
Private Events
Virtual Trivia
Globe League
Become a Host
Pub Owners
SporcleCon
Opinionation
Our Games
Videos
Blog
Mobile Apps
Partnerships
Remove Ads and Go Orange
Feedback
Science
Computer
Plants
Astronomy
Chemistry
Elements
Math
Animal
Physics
Anatomy
Biology
Geology
General Science
Science
Computer
Plants
Astronomy
Chemistry
Elements
Math
Animal
Physics
Anatomy
Biology
Geology
General Science
Random Quiz
Search Sporcle
×
Quiz Lab
Quiz Lab
Science
Prefix
Type in answers that appear in a list
Type in answers that appear in a list
Classic
Best Score? Go Orange.
SI prefix multipliers Stats
Can you name the SI prefix multipliers?
By
kmiz22
60s
14 Questions
5,862 Plays
5,862 Plays
5,862 Plays
Comments
Comments
Give Quiz Kudos
Give Quiz Kudos
-
- Ratings
hide this ad
Forced Order
Answers have to be entered in order
Answers have to be entered in order
Random Order
Randomize order of answers
Randomize order of answers
Replay
Link that replays current quiz
Next Quiz
Link to next quiz in quiz playlist
You Got
0%
They Got
Avg Score
73%
Avg Friend Score
Upgrade to see
Score Distribution
Jump to the score distribution portion of the page
Score
0/14
Timer
01:00
0
Plays Today
multiplier
prefix
% Correct
10^3
kilo
78.6%
10^-
2
centi
78.2%
10^-
1
deci
78.2%
10^-
9
nano
77.6%
10^6
mega
76.3%
10^9
giga
75.9%
10^-
6
micro
75.7%
multiplier
prefix
% Correct
10^-
3
milli
74.1%
10^12
tera
72.4%
10^-
12
pico
71.4%
10^-
15
femto
69.2%
10^18
exa
66.5%
10^-
18
atto
66.3%
10^15
peta
64.9%
Quiz Playlist
Details
Report
Send in Message
Add To Playlist
Classic:
Type in answers that appear in a list
Forced Order:
Answers have to be entered in order
Random Order:
Randomize order of answers
Last Updated: Feb 16, 2017
Quiz Scoreboard
CHALLENGE
Sign Up to Join the Scoreboard
Show All
Scores
Hide
Comments
May contain spoilers
Recently Published
An Introduction to Baseball
by treessimontrees
Sports
5m
Movies - When Are They Set?
by FPL_Elf
Movies
5m
Popular People in 1961
by mucciniale
History
6m
More to Explore
Quiz From the Vault
Featured Blog Post
Where Did the Easter Bunny Come From?
hide this ad
You Might Also Like...
Tags
Multiplier
Prefix
Symbol
Today's Top Quizzes in Science
Browse Science
hide this ad
Today's Top Quizzes in Prefix
Browse Prefix
Top Contributed Quizzes in Science
1
Quick Pick: 'CI-CJ' Animals
2
Elements In Images
3
One Thing in Common: Science
4
Count to 60
5
One Thing in Common: Science III
6
Quick Pick: Radians
7
Square Numbers Scrambled (1-50)
8
One Thing in Common: Science II
9
Sporcle Puzzle Hunt: Science
10
One Thing in Common: Animals
Explore More
Trending Topics
Anime
NBA
Kpop
Marvel
Harry Potter
Disney
Crossword
Soccer
Pokémon
Country
WWE
Puzzle
Song
The Office
NFL
hide this ad
More By:
kmiz22
Quiz
Plays
Rating
Category
Featured
Created
'To Kill a Mockingbird' Characters
23,061
4.62
Literature
Oct 14, 2009
Harry Potter Book by Opening Line
20,148
4.11
Literature
Oct 25, 2009
Harry Potter Quotes
18,270
3.97
Movies
Oct 3, 2009
Obscure Disney Quotes
14,517
3.12
Movies
Oct 2, 2009
120 AP Literary Terms
10,838
3.50
Language
Jan 7, 2010
Go to Creator's Profile
Score Distribution
Quiz Creator Spotlight
kmiz22
Follow
Send a Message
Quizzes Created
-
Created Quiz Play Count
-
More By This Creator
Popular Quizzes Today
1
Find the Countries of Europe - No Outlines Minefield
2
Find the US States - No Outlines Minefield
3
The Countries of the World
4
Popular People in 1961
5
US States
6
1-10 Letter E Words III
7
Find the US States
8
One Thing in Common: World Cities II
More Science Quizzes
Planets' Biggest Moons
Published
Trending Quizzes
Risky Map Clicking: Least Populous States A-Z
1-10 Letter F Words
1-10 Letter G Words
One Thing in Common: United Kingdom
Risky Map Clicking: Next State Alphabetically
Recently Updated
Leaping Animals
pecheneg
Reality TV Shows (A-Z)
bhenderson79
Rickey Henderson's Hall of Fame Teammates
pecheneg
Champions League XIs: Arsenal
pecheneg
Quick Pick: Celebrities in WWE's Hall of Fame
aduchscher
A-Z Keypad Blitz II
pecheneg
Multiple Oscar Actors
pecheneg
Mystery Phrase Blitz: Oscar 'Best Actors'
pecheneg
F. Scott Fitzgerald Novels
LTH
Pick 3 Villains
ddd62291
Trending Topics
Kpop
Marvel
Crossword
Disney
NBA
Harry Potter
Anime
The Office
Song
Pokémon
WWE
Country
Soccer
Puzzle
NFL
Your Account Isn't Verified!
In order to create a playlist on Sporcle, you need to verify the email address you used during registration. Go to your
Sporcle Settings
to finish the process.
Report this User
Report this user for behavior that violates our
Community Guidelines
.
Details:
Send Report
Go to the Sporcle.com Mobile Site →
Comments